000 00323 a2200133 4500
000 nam a22 7a 4500
100 _aP.K. Gupta
110 _aP.K. Gupta
245 _aBIOTECHNOLOGY, IMMUNOLOGY, BIOTECHNIQUES & BIOSTATISTICS
250 _alatest
260 _bmedtech
_c2026
264 _bmedtech
_c2026
942 _cBK
999 _c394996
_d394996